| 000 | 00584cam a22001691 4500 | ||
|---|---|---|---|
| 082 |
_a624.1821 _bGAY _cL-20, P-9 |
||
| 100 | 1 |
_aGaylord, Edwin H. _93511 |
|
| 245 | 1 | 0 |
_aDesign of steel structures, _bincluding applications in aluminum _c[by] Edwin H. Gaylord, Jr. [and] Charles N. Gaylord. |
| 260 |
_aNew York, _bMcGraw-Hill, _c1957. |
||
| 300 |
_a540 p. _billus. _c24 cm. |
||
| 526 |
_a0 _b0 _c0 _d624_182100000000000_GAY |
||
| 650 | 0 |
_aAluminum, Structural. _93512 |
|
| 650 | 0 | _aBuilding, Iron and steel. | |
| 650 | 0 |
_aMCE _9379 |
|
| 700 | 1 |
_aGaylord, Charles N. _93513 |
|
| 942 |
_2ddc _cBK |
||
| 999 |
_c546773 _d546773 |
||